Ratzinger's faith (Record no. 153399)
[ view plain ]
| 000 -LEADER | |
|---|---|
| fixed length control field | 01596nam a2200349 a 4500 |
| 082 04 - DEWEY DECIMAL CLASSIFICATION NUMBER | |
| Classification number | 230/.2092 |
| 100 1# - MAIN ENTRY--AUTHOR NAME | |
| Personal name | Rowland, Tracey, |
| 245 10 - TITLE STATEMENT | |
| Title | Ratzinger's faith |
| 260 ## - PUBLICATION, DISTRIBUTION, ETC. (IMPRINT) | |
| Place of publication | Oxford ; |
| -- | New York : |
| Name of publisher | Oxford University Press, |
| Year of publication | 2008. |
| 300 ## - PHYSICAL DESCRIPTION | |
| Number of Pages | xiii, 214 p. |
| 505 0# - FORMATTED CONTENTS NOTE | |
| Formatted contents note | Ratzinger and contemporary theological circles -- Gaudium et spes and the importance of Christ -- Revelation, Scripture, and tradition -- Beyond moralism : God is love -- The structure of the communion -- Modernity and the politics of the West -- Liturgy since Vatican II. |
| 856 40 - ELECTRONIC LOCATION AND ACCESS | |
| Uniform Resource Identifier | http://site.ebrary.com/lib/rucke/Doc?id=10229925 |
No items available.
